000
00273nam a2200109Ia 4500
008
200302s9999 xx 000 0 und d
100
_a
R.Nath
245
_a
History of Moghal Architecture Vol. IV ,part-I
260
_b
Abhinav Publications
260
_c
2005
300
_a
256p.,
999
_c
2507
_d
2507